Normal view
MARC view
Entry Personal Name
001 - CONTROL NUMBER
- control field: 153212
003 - CONTROL NUMBER IDENTIFIER
- control field: OSt
005 - DATE AND TIME OF LATEST TRANSACTION
- control field: 20220918230753.0
008 - FIXED-LENGTH DATA ELEMENTS
- fixed length control field: 220918|| aca||aabn | a|a d
040 ## - CATALOGING SOURCE
- Original cataloging agency: OSt
- Transcribing agency: OSt
100 ## - HEADING--PERSONAL NAME
- Personal name: Aiyar C. R. Narayanaswami
670 ## - SOURCE DATA FOUND
- Source citation: Work cat.: (OSt)288900: Kerslake Percy C. 153211, Tamil course for European schools, 1966
